000 00509nam a22001817a 4500
999 _c160587
_d160587
005 20190205145701.0
010 _aB-060266
020 _a8186706461
035 _aB-060266
037 _bKali for Women
082 _a881.092
100 _aNasrin, Taslima
245 _aMy Girlhood
_ban autobiography
_cby Taslima Nasrin
260 _aNew Delhi
_bKali for Women
_c2000
300 _a324p.
_c18cm.(Hb)
942 _2ddc
_cEN
_h881.092
_mNAS